| 000 | 00431nam a2200097Ia 4500 | ||
|---|---|---|---|
| 008 | 180130s9999 xx 000 0 und d | ||
| 245 |
_cCooke, Fang Lee _aEquality, diversity and fairness as a new politics in multinational corporations |
||
| 260 | _c2014 | ||
| 300 | _aBook title: International human resource management : an employment relations perspective--Acession number C18843; pages 97-117 | ||
| 650 | _aHUMAN RESOURCE MANAGEMENT | ||
| 999 |
_c353683 _d353683 |
||